000 00595nam a22002057a 4500
005 20140506155027.0
010 _aENG-109700
020 _a9789325971561
_c395.00
035 _aEN-93233
037 _bDBAD/PUB
082 _a343.94307
100 _aKuchhal, M.C.
245 0 0 _aBusiness legislation for management /
_cby M.C. Kuchhal [and] Vivek Kuchhal
250 _a4th ed
260 _aNoida
_bVikas Publising House
_c2013
270 _aE-28, Sector-8
_bNoida
_e201301
300 _axi,656p.
_c24cm(pbk)
700 _aKuchhal, Vivek
942 _2ddc
_cEN
_mKUC
_h343.94307
999 _c83462
_d83462